000 00704nam a22002293 4500
001 7652
003 UkOxU
005 20211208234442.0
008 140115q19531948enka 001 0 eng d
035 _a(BD-RjUL)7696
040 _aEQO
_cEQO
_beng
_dBD-RjUL
041 _aeng
082 _a425
_bMOS 1953
100 1 _aMosby, Frank.
_923865
245 1 0 _aSense, feeling and thought :
_cby F. Mosby and J.K. Thomas.
_bnew roads to composition /
260 _aLondon :
_bOxford University prees,
_c[Reprinted 1953].
300 _a240 p. :
_bill. ;
_c18 cm.
504 _aIncludes index.
650 0 _aEnglish language -- Composition and exercises.
_923866
700 1 _aThomas, J. K.
_923867
942 _2ddc
_cBK
999 _c7652
_d7652